|
|
|
|
| LEADER |
01693nam a22003017a 4500 |
| 001 |
42638 |
| 003 |
BD-DhAAL |
| 008 |
240529m19941995bg a|||| |||| 00| 0 ben d |
| 040 |
|
|
|a BD-DhAAL
|c BD-DhAAL
|
| 041 |
|
|
|a ben
|
| 082 |
|
|
|a 079.5492
|2 23
|
| 110 |
|
|
|a Bangladesh Rural Advancement Committee.
|
| 245 |
|
|
|a গণকেন্দ্র :
|b সচিত্র পত্রিকা
|g মাঘ ১৪০০ - চৈত্র ১৪০১ /
|c সম্পাদক, ফজলে হাসান আবেদ.
|
| 260 |
|
|
|a ঢাকা :
|b ব্র্যাক,
|c ১৯৯৪-১৯৯৫ [১৪০০-১৪০১].
|
| 300 |
|
|
|a v. :
|b সচিত্র ;
|c ২৭ সে.মি.
|
| 362 |
|
|
|a Vol. 21, no. 10 (Jan./Feb. 1994)-v. 22, no. 12 (Mar./Apr. 1995)
|
| 362 |
|
|
|a বর্ষ ২১, সংখ্যা ১০ (মাঘ ১৪০০)-বর্ষ ২২, সংখ্যা ১২ (চৈত্র ১৪০১)
|
| 500 |
|
|
|a This book contains volume 21, no. 10 (Jan./Feb. 1994)-volume 22, no. 12 (Mar./Apr. 1995).
|
| 541 |
|
|
|a Brac
|e 42638, 42639
|
| 650 |
|
|
|a Newspapers
|z Bangladesh.
|9 53582
|
| 650 |
|
|
|a Journalism
|z Bangladesh.
|
| 650 |
|
|
|a Bengali newspapers
|z Bangladesh.
|9 58004
|
| 700 |
|
|
|a আবেদ, ফজলে হাসান.
|9 56445
|
| 852 |
|
|
|a Ayesha Abed Library
|c Reference Section
|
| 942 |
|
|
|2 ddc
|c BK
|
| 999 |
|
|
|c 46680
|d 46680
|
| 952 |
|
|
|0 0
|1 0
|2 ddc
|4 0
|6 079_095492000000000_GAN
|7 1
|9 75569
|a BRACUL
|b BRACUL
|c REF
|d 2024-05-29
|e Brac
|l 0
|o 079.095492 GAN
|p 3010042638
|r 2024-05-29
|t 1
|w 2024-05-29
|y BK
|x Brac
|
| 952 |
|
|
|0 0
|1 0
|2 ddc
|4 0
|6 079_095492000000000_GAN
|7 1
|9 75572
|a BRACUL
|b BRACUL
|c REF
|d 2024-05-29
|e Brac
|l 0
|o 079.095492 GAN
|p 3010042639
|r 2024-05-29
|t 2
|w 2024-05-29
|y BK
|x Brac
|